Construction communication /

Bibliographic Details
Main Author: Emmitt, Stephen
Other Authors: Gorse, Christopher A.
Format: Book
Language:English
Published: Oxford, UK ; Malden, MA : Blackwell Pub., 2003.
Subjects:

MARC

Tag First Indicator Second Indicator Subfields
LEADER 00000cam a22000004a 4500
001 in00001730721
005 20151024225048.0
008 021209s2003 enka b 001 0 eng
010 |a  2002155261 
020 |a 1405100028 (pbk.) 
035 |a (OCoLC)ocm51264616 
040 |a DLC  |c DLC  |d YDX  |d TXA  |d UtOrBLW 
042 |a pcc 
049 |a TXAM 
050 0 0 |a TH215  |b .E45 2003 
082 0 0 |a 690/.01/4  |2 21 
100 1 |a Emmitt, Stephen. 
245 1 0 |a Construction communication /  |c Stephen Emmitt, Christopher A. Gorse. 
264 1 |a Oxford, UK ;  |a Malden, MA :  |b Blackwell Pub.,  |c 2003. 
300 |a x, 212 pages :  |b illustrations ;  |c 25 cm. 
336 |a text  |b txt  |2 rdacontent 
337 |a unmediated  |b n  |2 rdamedia 
338 |a volume  |b nc  |2 rdacarrier 
504 |a Includes bibliographical references (pages [197]-207) and index. 
650 0 |a Communication in the building trades. 
650 0 |a Construction industry  |x Communication systems. 
650 0 |a Communication in architectural design. 
700 1 |a Gorse, Christopher A. 
994 |a E0  |b TXA 
948 |a cataloged  |b h  |c 2003/6/26  |d c  |e blrosas  |f 10:51:47 am 
999 |a MARS 
999 f f |s faf02698-98f5-3ade-9aed-a7b76521635a  |i f7f38df7-29e4-3d6d-a6ef-dc34ef008a9c  |t 0 
952 f f |p normal  |a Texas A&M University  |b College Station  |c Sterling C. Evans Library  |d Evans: Library Stacks  |t 0  |e TH215 .E45 2003  |h Library of Congress classification  |i unmediated -- volume  |m A14830431408 
998 f f |a TH215 .E45 2003  |t 0  |l Evans: Library Stacks